Statistics for Countries Starting With N - One Minute Sprint

Click here to take the quiz!

General Stats

  • This quiz has been taken 146 times
    (47 since last reset)
  • The average score is 8 of 11

Answer Stats

country% Correct
Nicaragua
91%
Namibia
89%
Niger
84%
Nigeria
84%
Nepal
77%
Norway
77%
Nauru
73%
North Korea
73%
Netherlands
70%
New Zealand
70%
North Macedonia
57%

Score Distribution

Percentile by Number Answered

Percent of People with Each Score

Your Score History

You have not taken this quiz since the last reset